| 000 | 00513nam a2200205Ia 4500 | ||
|---|---|---|---|
| 005 | 20250317065809.0 | ||
| 008 | 240331s9999 xx 000 0 und d | ||
| 020 | _a019507386X | ||
| 082 |
_bREI _22267 _a301 |
||
| 100 | _aReinharz, S | ||
| 245 | 0 | _aFeminist Methods in Social Research | |
| 260 |
_aOxford; _aNew York. _bOxford University Press _c1992 |
||
| 300 | _aix, 413 p., | ||
| 650 | _aFeminism | ||
| 650 | _aSociety | ||
| 650 | _aEthnography | ||
| 650 | _aCulture | ||
| 650 | _aStatistics | ||
| 942 | _cL | ||
| 999 |
_c4560 _d4560 |
||